| 000 | 00704nam a2200229Ia 4500 | ||
|---|---|---|---|
| 999 |
_c47444 _d47444 |
||
| 001 | 14306 | ||
| 003 | GE_BSU | ||
| 005 | 20221124105957.0 | ||
| 008 | 181216s1987||||enk|||||||||||||| ||eng|| | ||
| 020 | _a0333440757x | ||
| 040 | _cGE_BSU | ||
| 041 | _aeng | ||
| 080 | _a61 Sh-53 | ||
| 100 |
_aCollins, Sheila _916016 |
||
| 245 |
_aEssentials of Nursing an introduction / _cCollins,Sheila; Parker, Edith. |
||
| 264 |
_aLondon: _bMacmillan, _c1987. |
||
| 300 |
_a125 p.; _b30 cm. |
||
| 653 | _aEssentials of Nursing an introduction | ||
| 653 | _aსაექთნო საფუძვლების შესავალი | ||
| 700 |
_aEdith, Parker _eავტორი _916017 |
||
| 942 |
_cBK _2udc |
||